| 000 | 01337nam a2200361 a 4500 | ||
|---|---|---|---|
| 001 | 000111118 | ||
| 003 | CHAP | ||
| 005 | 20220329144159.0 | ||
| 008 | 141204s2014 mx sm |||||||spa d | ||
| 010 | _a107580 | ||
| 011 | _a108552 | ||
| 040 | _cCHAP | ||
| 090 | _aTesis | ||
| 100 | 1 |
_aGijón Pérez, Delia. _9128923 |
|
| 245 | 1 | 0 |
_aProductores forestales y la superficie que cubren en el Estado de Oaxaca _h[En línea] _cpor Delia Gijón Pérez. |
| 260 |
_aChapingo, Méx. : _bEl autor, _c2014. |
||
| 500 | _aPara ver el contenido del material haga clic en la liga | ||
| 502 | _aTesis (Ing. Agr. Esp. en Ingeniero Forestal) -- UACH. División de Ciencias Forestales | ||
| 590 |
_aBATCH-UPD _b05 _c20141204 _lUCH01 _h1408 |
||
| 590 |
_aE11695DGD _b10 _c20141207 _lUCH01 _h1453 |
||
| 590 |
_aE5765TAJ _b05 _c20141204 _lUCH01 _h1232 |
||
| 590 |
_aE5765TAJ _b05 _c20141204 _lUCH01 _h1407 |
||
| 590 |
_aE5765TAJ _b05 _c20141204 _lUCH01 _h1408 |
||
| 650 | 1 | 4 |
_aEjidos forestales. _936042 |
| 650 | 1 | 4 |
_aMadera _xSubproductos. _969627 |
| 650 | 1 | 4 |
_aProcesamiento automático de datos en silvicultura. _991808 |
| 650 | 1 | 4 |
_aProductos forestales _xOaxaca. _992099 |
| 650 | 1 | 4 |
_aRecursos forestales _xOaxaca. _995060 |
| 856 |
_aFinding aid _uhttp://10.13.5.2/tesis/sist111118.pdf _zTeclea aquí |
||
| 901 | _aBK | ||
| 942 | _cTESIS | ||
| 942 | _n0 | ||
| 999 |
_c107580 _d107580 |
||